000 00763nam a22002417a 4500
001 12351
003 HDC
007 cr bn ---
008 210209 my |0 eneng
040 _aHDC
245 0 _aAnimal Welfare Act 2006 :
_bCHAPTER 45
260 _aUnited Kingdom:
_bDefra Publications,
_c2006
300 _a169 pages
336 _atext
_2rdacontent
337 _acomputer
_2rdamedia
338 _aonline resource
_2rdacarrier
650 _aAnimal industry
_97120
650 _awelfares strategy
_912938
856 _zRequest full-text at [email protected]
942 _2lcc
942 _cEBOOK
942 _kEBOK 001938
999 _c9674
_d9674